Online
Catalog
Normal view MARC view

Entry Nombre de reunión

Number of records used in: 1

001 - NÚMERO DE CONTROL

  • campo de control: 50861

003 - IDENTIFICADOR DEL NÚMERO DE CONTROL

  • campo de control: OSt

005 - FECHA Y HORA DE LA ÚLTIMA TRANSACCIÓN

  • campo de control: 20200615034353.0

008 - DATOS DE LONGITUD FIJA

  • campo de control de longitud fija: 200615|| aca||aabn | a|a d

040 ## - FUENTE DE LA CATALOGACIÓN

  • Centro catalogador/agencia de origen: OSt
  • Centro/agencia transcriptor: OSt

111 ## - ENCABEZAMIENTO--NOMBRE DE CONGRESO/REUNIÓN

  • Nombre de congreso/reunión o jurisdicción como elemento de entrada: Coloquio Internacional Cultura, Lengua y Literatura en tiempos de globalización
  • Número del congreso/reunión o número de parte o sección: (1:
  • Fecha del congreso/reunión: abril de 1998:
  • Sede del congreso/Lugar de la reunión: Santo Domingo, República Dominicana)

670 ## - FUENTE DE DATOS ENCONTRADOS

  • Cita de la fuente: Work cat.: (OSt)24274: Coloquio Internacional Cultura, Lengua y Literatura en tiempos de globalización (1: abril de 1998: Santo Domingo, República Dominicana), Cultura, lengua y literatura en tiempos de globalización /, 1998.

Powered by Koha